Science Quiz

Random Science or Grab Bag Quiz

'A' Natural World Quiz Stats

Quiz Updated Sep 12, 2015

Also try: Click the Trees
Challenge
Share
Tweet
Embed
Score 0/21 Timer 05:00
4 Plays Today
Clue Answer % Correct
Which mammal has a name that means 'little armored one' in Spanish?Armadillo
93.5%
The most widely grown species of which fruit tree is of the genus Malus?Apple
90.9%
Which long-haired domesticated South American mammal resembling a small llama is valued for its wool?Alpaca
87.2%
Which snake of the boa family may grow to a great size and is native to tropical South America? Anaconda
86.3%
Spiders and scorpions come under which class of arthropod?Arachnid
81%
Which river, lake and swamp dwelling predatory reptile derives its name from Spanish term for 'the lizard'?Alligator
78.5%
The bite of which small southern European viper famously killed Cleopatra?Asp
76.8%
Which juicy soft fruit of an orange-yellow color resembles a small peach?Apricot
74.6%
Which large seabird ranges widely in the Southern Ocean and the North Pacific?Albatross
69.6%
Gemsbok, Impala and Sable are all types of which ruminant mammal?Antelope
59.9%
Which African ant-eating nocturnal mammal is also called an antbear?Aardvark
58.7%
Clue Answer % Correct
Which small saltwater forage fish is often used as a strongly flavoured commercial food fish?Anchovy
57.9%
Which small fox with a thick coat that turns white in winter is found on the tundra of North America and Eurasia?Arctic fox
57.1%
Which large dog distinguished by its thick, fine, silky coat is known as the '......' hound?Afghan Hound
42%
Which domesticated normally white goat produces fleece called mohair?Angora goat
38.2%
What name is given to any bug, such as blackfly or greenfly, that sucks sap from plants?Aphid
37.5%
Which tree of the genus Fraxinus has seeds popularly known as 'helicopter seeds'?Ash
35.6%
Which small Eurasian viper has a dark zigzag pattern on its back and bears live young?Adder
34.7%
By what other name is a German Shepherd Dog known?Alsatian
34.4%
Which fish preys on land-based insects by shooting them with water droplets from its mouth?Archerfish
20.7%
Maples belong to which genus of tree?Acer
16.8%

You're not logged in!

Compare scores with friends on all Sporcle quizzes.
Sign Up with Email
OR
Log In

You Might Also Like...

Show Comments

Extras

Top Quizzes Today


Score Distribution

Your Account Isn't Verified!

In order to create a playlist on Sporcle, you need to verify the email address you used during registration. Go to your Sporcle Settings to finish the process.